| 000 | 00602nam a22002177a 4500 | ||
|---|---|---|---|
| 003 | PILC | ||
| 005 | 20160114143130.0 | ||
| 008 | 130918t xxu||||| |||| 00| 0 eng d | ||
| 020 | _a0749718617 | ||
| 050 |
_aPZ 7 _b.P173 1995 |
||
| 082 |
_aFIC _bP18ho 1995 |
||
| 100 |
_aPalmer, Maria _920759 |
||
| 245 |
_aHorrorscopes : _bleo : blood ties _cMaria Palmer. |
||
| 260 |
_aGreat Britain : _bMammoth, _cc1995. |
||
| 300 |
_a115 p. : _c18 cm. |
||
| 650 |
_aHorror stories. _93825 |
||
| 650 |
_aHoroscopes _xFiction. _920762 |
||
| 650 |
_aFate _xFiction. _920763 |
||
| 942 |
_2lcc _cBK |
||
| 999 |
_c11623 _d11623 |
||